| 000 | 00707nam a22002297a 4500 | ||
|---|---|---|---|
| 005 | 20170124110103.0 | ||
| 010 | _aB-181228 | ||
| 020 |
_c400.00 _a8180070069 |
||
| 035 | _aB-181228 | ||
| 037 | _bCen Lib/Ret | ||
| 040 |
_aDPL _bEN |
||
| 082 |
_a959.1 _bSYM |
||
| 100 |
_aSymes, Michael _927647 |
||
| 245 |
_aAn account of an embassy to the kingdom of ava / _cby Michael Symes |
||
| 260 |
_bIrrawaddy Publications _c2003 _aNew Delhi |
||
| 270 |
_bNew Delhi _aC-487, vikas puri _e110018 |
||
| 300 |
_a415p. _c21cm(Hb) |
||
| 500 | _aIncludes glossary and index | ||
| 650 |
_aAsia--Ava (Kingdom) _927648 |
||
| 650 |
_aDiplomatic relations _985660 |
||
| 942 |
_2ddc _cEN _h959.1 _mSYM |
||
| 999 |
_c129872 _d129872 |
||